Carta Topologica delle Regioni d'Italia - Statistics

Statistiche generali
  • Questo quiz è stato fatto 436 volte
  • Il punteggio medio è 14 su 18
Risposte nella Mappa
Le risposte nella mappa del quiz sottostante sono codificate secondo una scala di colori dal rosso al verde in base alla % di persone che hanno risposto correttamente.
 
Statistiche sulle risposte
Risposta % Corretto
Lombardia
82%
Trentino-Alto Adige
81%
Valle d'Aosta
81%
Lazio
80%
Piemonte
79%
Calabria
78%
Campania
78%
Emilia-Romagna
78%
Friuli-Venezia Giulia
78%
Liguria
78%
Toscana
76%
Veneto
75%
Umbria
74%
Marche
73%
Puglia
72%
Molise
68%
Abruzzo
66%
Basilicata
63%
Nessun quiz corrispondente trovato
Distribuzione punteggi
Percentuale di utenti per punteggio
Percentile per numero di risposta
I tuoi punteggi nel tempo
Non hai fatto questo quiz